Population Education : apanel discussion (Record no. 410222)

000 -LEADER
fixed length control field 00454cam a22001457a 4500
008 - FIXED-LENGTH DATA ELEMENTS--GENERAL INFORMATION
fixed length control field 180718b1971 xxu||||| |||| 00| 0 eng d
082 ## - DEWEY DECIMAL CLASSIFICATION NUMBER
Classification number O9708 X54 K965
245 ## - TITLE STATEMENT
Title Population Education : apanel discussion
Statement of responsibility, etc. edited by B.Kuppuswamy, K. Seshagiri Rao And A. Kishna Kanth
260 ## - PUBLICATION, DISTRIBUTION, ETC.
Place of publication, distribution, etc. Bombay
Name of publisher, distributor, etc. Asia
Date of publication, distribution, etc. 1971
300 ## - PHYSICAL DESCRIPTION
Extent viii,156p
650 ## - SUBJECT ADDED ENTRY--TOPICAL TERM
Topical term or geographic name entry element Education -- India
700 ## - ADDED ENTRY--PERSONAL NAME
Personal name Kanth, A. Krishna
700 ## - ADDED ENTRY--PERSONAL NAME
Personal name Rao, K. Seshagiri
700 ## - ADDED ENTRY--PERSONAL NAME
Personal name Kuppuswamy, B.
Holdings
Withdrawn status Lost status Damaged status Not for loan Permanent Location Current Location Date acquired Full call number Barcode Date last seen Price effective from Koha item type
        Indian Institute of Public Administration Indian Institute of Public Administration 2009-01-15 O9708 X54 K965 DA2076 2018-07-21 2018-07-21 DA

Powered by Koha